000 00271nam a2200109Ia 4500
008 191201s2012 xx 000 0 und d
100 _aVAUGHAN,Tay
245 0 _aMultimedia:Making it Work
250 _aRep
260 _c2012
_bTata mc Graw Hill
_aNEW DELHI
942 _2ddc
_cBK
999 _c7940
_d7940